000 00431nam a2200133Ia 4500
008 220217s9999 xx 000 0 und d
100 _aAbdul Rahiman, A.K.
245 0 _aAdoption of drought management practices by rubber planters in Kunnathunadu taluk of Ernakulam district
260 _bKerala Agricultural University
_a Thrissur
_c1994
300 _a47
500 _aCourse: PGDNRP
700 _aDr KR Vijayakumar
942 _cTS
999 _c74352
_d74352